| 000 | 00685nam a2200241Ia 4500 | ||
|---|---|---|---|
| 003 | OSt | ||
| 005 | 20220928105100.0 | ||
| 006 | a|||||r|||| 00| 0 | ||
| 007 | ta | ||
| 008 | 220927b |||||||| |||| 00| 0 eng d | ||
| 024 | _a49247 | ||
| 037 | _cTextual | ||
| 040 |
_aSDCL _cSDCL _beng |
||
| 041 |
_2eng _aeng |
||
| 082 | _aO152,1(Delta73):g(Y:1), K2 | ||
| 100 |
_aMotisingh _9413639 |
||
| 245 | 0 |
_aNirun sahitya _b sanskritik prashtbhumi. |
|
| 260 |
_aVaranasi _bNagri Pracharni _c1962 |
||
| 300 |
_a328p. _ccm. |
||
| 490 | _aSuryakumari pustakmala.28. | ||
| 942 |
_hO152,1(Delta73):g(Y:1), K2 _cTEXL _2CC |
||
| 999 |
_c729434 _d729434 |
||